| 000 | 00732cam a2200193 a 4500 | ||
|---|---|---|---|
| 020 | _a9780144000173 | ||
| 020 | _a0144000172 | ||
| 082 | _a954.6092 | ||
| 100 | 1 |
_aMehta, Krishna, _d1913-1993. |
|
| 245 | 1 | 0 |
_aKashmir 1947 : _ba survivor's story / _cKrishna Mehta. |
| 260 |
_aNew Delhi ; _aNew York, New York : _bPenguin Books, _c2005. |
||
| 300 |
_a168 p. ; _c19.5 cm. |
||
| 650 | 0 |
_aLegislators _981864 |
|
| 942 |
_2ddc _cBK |
||
| 999 |
_c586247 _d586247 |
||